| 000 | 00000nam##2200000za#4500 |
| 001 | 9.571865 |
| 003 | CaOODSP |
| 005 | 20210624182933 |
| 007 | cr ||||||||||| |
| 008 | 150406|2008||||xxc|||||o f|0| 0 eng|d |
| 040 | |aCaOODSP|beng |
| 043 | |an-cn--- |
| 086 | 1 |aNH18-24/28G-2008E-PDF |
| 110 | 2 |aCanada Mortgage and Housing Corporation. |
| 245 | 10|aBefore you start repairing or replacing roof finishes |h[electronic resource] |
| 250 | |aRev. 2008 |
| 260 | |bCanada Mortgage and Housing Corporation |cc2000. |
| 300 | |a8p.|bfig., table |
| 490 | 1 |aAbout your house |vCE28g |
| 590 | |a11-24-Supp|b2011-10-24 |
| 690 | 07|aMaintenance|2gcpds |
| 690 | 07|aHome renovations|2gcpds |
| 690 | 07|aHousing|2gcpds |
| 775 | 08|tAvant de réparer ou de remplacer le revêtement du toit |w(CaOODSP)9.602285 |
| 830 | #0|aAbout your house ;|vCE28g|w(CaOODSP)9.505388 |
| 856 | 40|ahttp://publications.gc.ca|qPDF|s208 KB|uhttps://publications.gc.ca/collections/collection_2011/schl-cmhc/nh18-24/NH18-24-28g-2008-eng.pdf|yCE28g |